000 00793nam a2200289Ia 4500
005 20260324143608.0
008 008 260324s9999 xx 000 0 eng d
020 _a9781315791807
037 _aEBOOK
040 _aCRL
040 _beng
040 _cCRL
041 _2eng
041 _aeng
084 _qCRL
100 _aFlorence E. Selder; Virginia W. Barrett; Marilyn M. Rawnsley; Austin H. Kutscher; Carole A. Lambert; Marcia Fishman; Mary Kachoyeanos
_91216217
245 0 _aNursing Education in Thanatology
245 2 _bA Curriculum Continuum
260 _bTaylor and Francis
260 _c1991
365 _a
365 _b170
856 _uhttp://www.taylorfrancis.com/books/9781315791807
942 _cEBOOK
999 _c1821793
_d1821793